00362nam a2200145Ia 4500008004100000020001500041041001200056082001600068100001900084245004800103250000800151260003500159300000800194650001400202221030s9999 xx 000 0 und d a8177581686 aEnglish a105.23bGon aR. C. Gonzalez 0aDigital Image Processingcby R. C. Gonzalez a2nd bPearson EducationaDelhic2006 a791 aComputers